000 00574nam a2200169Ia 4500
008 090201s9999 xx 000 0 und d
010 _aKPL-9336
040 _bमराठी
041 _aमराठी
082 _a41975
_b9336
100 _aग. रा. टिकेकर
245 _aडायमंडस् ऑर फॉर अेव्हर
_cग. रा. टिकेकर
260 _c2004
_bराजस प्रकाशन
300 _a263
_bमोठा
600 _aडायमंडस् ऑर फॉर अेव्हर
942 _cBOOK
999 _c239141
_d239141